Liverpool Players and Numbers - Statistics

General Stats
  • This quiz has been taken 60 times
  • The average score is 12 of 32
Answer Stats
Hint Answer % Correct
#11 Mohamed Salah
91%
#4 Virgil Van Dijk
88%
#10 Sadio Mane
86%
#9 Roberto Firmino
79%
#14 Jordan Henderson
70%
#26 Andrew Robertson
68%
#66 Trent Alexander-Arnold
68%
#3 Fabinho
67%
#7 James Milner
61%
#1 Alisson Becker
58%
#6 Thiago Alcantara
49%
#20 Diogo Jota
47%
#12 Joe Gomez
46%
#13 Adrian
39%
#32 Joel Matip
39%
#8 Naby Keita
35%
#17 Curtis Jones
33%
#67 Harvey Elliot
25%
#5 Ibrahima Konate
25%
#27 Divock Origi
23%
#15 Alex Oxlade-Chamberlain
19%
#76 Neco Williams
16%
#18 Takumi Minamino
16%
#47 Nathaniel Phillips
12%
#22 Loris Karius
11%
#46 (on loan) Rhys Williams
11%
#28 (on loan) Ben Davies
9%
#58 (on loan) Ben Woodburn
5%
#62 Caoimhin Kelleher
5%
#72 (on loan) Sepp van den Berg
5%
#54 (on loan) Sheyi Ojo
5%
#21 Kostas Tsikimas
2%
No matching quizzes found
Score Distribution
Percent of People with Each Score
Percentile by Number Answered
Your Score History
You have not taken this quiz